[Event "NCA-ch sf"]
[Site "Managua"]
[Date "2023.02.11"]
[Round "7.2"]
[White "Vallecillo, Saul"]
[Black "Gonzalez Herrera, Jhon Jeyson"]
[Result "1-0"]
[WhiteElo "1840"]
[BlackElo "1649"]
[PlyCount "93"]
[EventDate "2023.01.28"]
[EventType "swiss"]
[EventRounds "9"]
[EventCountry "NCA"]
[SourceTitle "CBM 213 Extra"]
[Source "ChessBase"]
[SourceDate "2023.05.31"]
[SourceVersion "1"]
[SourceVersionDate "2023.05.31"]
[SourceQuality "1"]

1. e4 e6 2. d4 d5 3. Bd3 dxe4 4. Bxe4 Nf6 5. Bf3 Nbd7 6. Ne2 c5 7. 0-0 Be7 8. Nbc3 0-0 9. Bf4 cxd4 10. Qxd4 Bc5 11. Qd3 Qe7 12. Ng3 a6 13. Rfe1 Bb4 14. Rad1 Qc5 15. Nce4 Qa5 16. c3 Be7 17. Nxf6+ Nxf6 18. b4 Qb6 19. Nf5 Bd8 20. Bd6 Re8 21. Bc5 Qc7 22. Nd6 Re7 23. Nxc8 Rxc8 24. Bxe7 Bxe7 25. Re3 h6 26. a3 Rd8 27. Qe2 Bd6 28. g3 Be7 29. Red3 Rxd3 30. Qxd3 g6 31. c4 b6 32. Kg2 Qe5 33. Qd4 Qc7 34. Rc1 Nd7 35. Rd1 Nf6 36. Rd3 e5 37. Qe3 Qxc4 38. Rc3 Qe6 39. Rc6 Qf5 40. Rxb6 e4 41. Rb8+ Kg7 42. Bd1 Nd5 43. Qd4+ Bf6 44. Qc5 Be7 45. Qc8 Kf6 46. Qh8+ Ke6 47. Bg4 1-0

[Event "NCA-chT final"]
[Site "Managua"]
[Date "2019.10.26"]
[Round "1.4"]
[White "Gonzalez Herrera, Jhon Jeyson"]
[Black "Granados Ortiz, Maria Jose"]
[Result "1-0"]
[WhiteElo "1573"]
[BlackElo "1658"]
[PlyCount "79"]
[EventDate "2019.10.26"]
[EventType "team-tourn"]
[EventRounds "11"]
[EventCountry "NCA"]
[SourceTitle "EXT 2021"]
[Source "ChessBase"]
[SourceDate "2020.10.23"]
[SourceVersion "1"]
[SourceVersionDate "2020.10.23"]
[SourceQuality "1"]
[WhiteTeam "Universidad de Ingenieria"]
[BlackTeam "Dominican Power"]
[WhiteTeamCountry "NCA"]
[BlackTeamCountry "NCA"]

1. Nf3 Nf6 2. c4 d5 3. d4 dxc4 4. Nc3 Bf5 5. e3 e6 6. Bxc4 c6 7. 0-0 Bd6 8. Re1 Ne4 9. Bd3 Nxc3 10. bxc3 Bxd3 11. Qxd3 0-0 12. c4 b6 13. Bb2 Nd7 14. e4 Bb4 15. Red1 Qc7 16. d5 cxd5 17. cxd5 Rfe8 18. dxe6 Rxe6 19. Qxd7 Qc2 20. Qd4 f6 21. Qxb4 Rxe4 22. Qb3+ Qxb3 23. axb3 Re2 24. Bd4 Ree8 25. g3 Kf7 26. Be3 Kf8 27. Rd7 a6 28. Bxb6 Kg8 29. Rc1 Rab8 30. Be3 Rec8 31. Rxc8+ Rxc8 32. Nd4 Re8 33. Nc6 h5 34. Rd8 Rxd8 35. Nxd8 g5 36. b4 Kf8 37. Ne6+ Ke7 38. Nc7 Kd7 39. Nxa6 Ke6 40. b5 1-0